تعليم الديموقراطية : (Record no. 145634)

MARC details
000 -LEADER
fixed length control field 01122cam a2200277 a 4500
003 - CONTROL NUMBER IDENTIFIER
control field EG-GiCUC
008 - FIXED-LENGTH DATA ELEMENTS--GENERAL INFORMATION
fixed length control field 161124s1995 jo g 000 0 ara d
040 ## - CATALOGING SOURCE
Original cataloging agency EG-GiCUC
Language of cataloging ara
Transcribing agency EG-GiCUC
041 1# - LANGUAGE CODE
Language code of text/sound track or separate title ara
Language code of original eng
043 ## - GEOGRAPHIC AREA CODE
Geographic area code n-us---
092 04 - LOCALLY ASSIGNED DEWEY CALL NUMBER (OCLC)
Classification number 378.125
Item number M6633
Edition number 21
099 ## - LOCAL FREE-TEXT CALL NUMBER (OCLC)
Classification number 04
-- 378.125 M6633
100 1# - MAIN ENTRY--PERSONAL NAME
Personal name ميناهان : جون ايه :
Dates associated with a name 1956-
245 10 - TITLE STATEMENT
Title تعليم الديموقراطية :
Remainder of title مذكرات استاذ جامعى /
Statement of responsibility, etc. تأليف جون ايه ميناهان ؛ ترجمة شحدة فارع ؛ مراجعة فاروق جرار
260 ## - PUBLICATION, DISTRIBUTION, ETC.
Place of publication, distribution, etc. عمان : الاردن :
Name of publisher, distributor, etc. دار البشير :
Date of publication, distribution, etc. 1995
300 ## - PHYSICAL DESCRIPTION
Extent 200ص؛
Dimensions 24 سم
546 ## - LANGUAGE NOTE
Language note الترجمة العربية لـ : Teaching Democracy ...
650 #7 - SUBJECT ADDED ENTRY--TOPICAL TERM
Topical term or geographic name entry element التعليم العالى
General subdivision الولايات المتحدة الامريكية
Source of heading or term qrmak
700 1# - ADDED ENTRY--PERSONAL NAME
Personal name جرار : فاروق
700 1# - ADDED ENTRY--PERSONAL NAME
Personal name فارع : شحدة
902 ## - LOCAL DATA ELEMENT B, LDB (RLIN)
No. of Items 1
905 ## - LOCAL DATA ELEMENT E, LDE (RLIN)
Cataloger جيهان
Reviser مراجع
905 ## - LOCAL DATA ELEMENT E, LDE (RLIN)
Cataloger عفاف
Reviser مدخل
942 ## - ADDED ENTRY ELEMENTS (KOHA)
Source of classification or shelving scheme Dewey Decimal Classification
Koha item type Books
Holdings
Source of classification or shelving scheme Not for loan Home library Current library Date acquired Full call number Barcode Date last seen Copy number Koha item type
Dewey Decimal Classification   المكتبة المركزبة الجديدة - جامعة القاهرة قاعة الثقاقات الاجنبية - الدور الثالث 11.02.2024 378.125 M6633 Am.W. 01000100150933000 05.07.2024 C.1 Books
Cairo University Libraries Portal Implemented & Customized by: Eng. M. Mohamady Contacts: new-lib@cl.cu.edu.eg | cnul@cl.cu.edu.eg
CUCL logo CNUL logo
© All rights reserved — Cairo University Libraries
CUCL logo
Implemented & Customized by: Eng. M. Mohamady Contact: new-lib@cl.cu.edu.eg © All rights reserved — New Central Library
CNUL logo
Implemented & Customized by: Eng. M. Mohamady Contact: cnul@cl.cu.edu.eg © All rights reserved — Cairo National University Library